STN EN 60335-2-40: 2001 (36 1055) [neplatná], Bezpečnosť elektrických spotrebičov pre domácnosť a na podobné účely Časť 2-40 Osobitné požiadavky na elektrické tepelné čerpadlá, klimatizátory a odvlhčovače vzduchu

Táto norma je identická s EN 60335-2-40: 1997

Bibliographic Details
Main Author: Onderko, Jozef (Author)
Corporate Author: Technický skúšobný ústav (Piešťany, Slovensko) (Author)
Other Authors: Sulík, Štefan (Translator)
Format: Book
Language:Slovak
English
PhysicalDescription:40 s. obr., tab. 30 cm
Published: Bratislava Slovenský ústav technickej normalizácie 2001
Subjects:

MARC

LEADER 00000cam a2200000 a 4500
001 vtls010295393
003 SK-MaSNL
005 20260302045342.0
008 160628s2001 xo a f u 000 0 slo
015 |a SNBN2013 
020 |c (cen. skup.13) 
040 |a SNK  |b slo  |c SNK  |e AACR2 
041 1 |a slo  |h eng 
044 |a xo  |c SK 
046 |a s  |m 20010801 (účin.)  |n [20060301] (zruš.) 
072 7 |a 621.3  |x Elektrotechnika  |2 konspekt 
080 |a 621.313  |2 2001 
080 |a 331.45  |2 2001 
080 |a 006.7/.8  |2 2001 
080 |a (437.6)  |2 2001 
080 |a (4)  |2 2001 
084 |a 27.080  |2 ICS 
084 |a 91.140.30  |2 ICS 
130 0 |a STN 36 1055 (STN EN 60335-2-40) [neplatná]  |9 702314 
245 1 0 |a STN EN 60335-2-40: 2001 (36 1055) [neplatná], Bezpečnosť elektrických spotrebičov pre domácnosť a na podobné účely  |n Časť 2-40  |p Osobitné požiadavky na elektrické tepelné čerpadlá, klimatizátory a odvlhčovače vzduchu 
246 1 0 |a Bezpečnosť elektrických spotrebičov pre domácnosť a na podobné účely 
246 1 0 |a Osobitné požiadavky na elektrické tepelné čerpadlá, klimatizátory a odvlhčovače vzduchu 
246 3 0 |a IEC 60335-2-40: 1995 
260 |a Bratislava  |b Slovenský ústav technickej normalizácie  |c 2001 
300 |a 40 s.  |b obr., tab.  |c 30 cm 
500 |a Spracovateľ: Technický skúšobný ústav Piešťany, Štefan Sulík 
500 |a Súbežný názov v angličtine, francúzštine, nemčine 
500 |a Táto norma nahradí od 1.2.2005 STN EN 60335-2-40 (36 1055) z novembra 1995 v celom rozsahu 
500 |a [Norma je nahradená normou STN EN 60335-2-40 z júna 2004] 
504 |a Citované normy, súvisiace právne predpisy s. 2 
520 8 |a Táto norma je identická s EN 60335-2-40: 1997 
540 |a STN vydané na akomkoľvek nosiči sa môžu rozmnožovať a rozširovať iba so súhlasom určenej právnickej osoby  |b SÚTN Bratislava  |c zákon 264/1999 Z. z. 
650 0 7 |a elektrické spotrebiče  |2 SNKPH  |9 58058 
650 0 7 |a technické normy a štandardy  |z Slovensko  |2 SNKPH  |9 79594 
650 0 7 |a technické normy a štandardy  |z krajiny Európskej únie  |2 SNKPH  |9 289341 
650 0 7 |a bezpečnosť práce  |2 SNKPH  |9 1296 
650 0 7 |a Electric apparatus and appliances  |2 SNKPHeng  |9 287152 
655 7 |a normy  |2 SNKPH  |9 70643 
700 1 |a Sulík, Štefan  |4 trl  |9 306759 
700 1 |a Onderko, Jozef  |4 aut  |9 303607 
710 2 |a Technický skúšobný ústav (Piešťany, Slovensko)  |4 aut  |9 293925 
710 2 |a Slovenský ústav technickej normalizácie (Bratislava, Slovensko).  |b Technická normalizačná komisia č. 10 Elektrické spotrebiče pre domácnosť a elektrické ručné náradie  |4 stn  |9 481768 
774 1 8 |t STN EN 60335-2-40/A1: 2001  |d Bratislava : Slovenský ústav technickej normalizácie, 2001  |w vtls008947654 
774 1 8 |t STN EN 60335-2-40/A11: 2005  |d Bratislava : Slovenský ústav technickej normalizácie, 2005  |w vtls09833764 
852 |a Štátna vedecká knižnica v Banskej Bystrici 
958 |a OP 
958 |a NB 
999 |c 1093265  |d 1095195 
952 |a SNK  |b SNK  |y PREZ  |7 0  |p 17A0710552  |o snkSTN EN 60335-2-40  |i snk2011/16470  |8 0  |0 0  |1 0  |4 0  |d 2011-07-28  |l 0  |r 2026-02-24 17:04:15  |w 2026-02-24 
952 |a SNK  |b SNK  |y PREZ  |7 0  |p 17A0710553  |o snkSTN EN 60335-2-40 D1  |i snk2011/16471  |8 0  |0 0  |1 0  |4 0  |d 2011-07-28  |l 0  |r 2026-02-24 17:04:15  |w 2026-02-24